Statistics for Closest countries to Greece

Click here to take the quiz!

General Stats

  • This quiz has been taken 132 times
    (110 since last reset)
  • The average score is 18 of 20

Answer Stats

ContinentKmAnswer% Correct
Europe330Italy
98%
Euroasia0Turkey
98%
Europe0Albania
97%
Europe284Serbia
97%
Europe377Romania
96%
Europe0Bulgaria
95%
Europe980Cyprus
95%
Europe0Macedonia
95%
Europe474Croatia
94%
Europe430Kosovo
94%
Europe384Montenegro
91%
Europe540Bosnia
90%
Europe1026Slovenia
89%
Europe933Hungary
88%
Europe555Ukraine
87%
Asia1665Lebanon
85%
Europe557Moldova
84%
Asia1568Syria
83%
Europe1311Austria
75%
Euroasia1553Georgia
72%

Score Distribution

Percentile by Number Answered

Percent of People with Each Score

Your Score History

You have not taken this quiz since the last reset